|
|
|
|
| LEADER |
00000nam a2200000 a 4500 |
| 001 |
vtls001426543 |
| 003 |
SK-MaSNL |
| 005 |
20260302001804.0 |
| 008 |
251117s2001 xo bap r 0yy ger |
| 015 |
|
|
|a SNBA2002/05-01874
|
| 020 |
|
|
|a 8022715018
|c 45,00 Sk
|
| 035 |
|
|
|a SNK000381490
|
| 035 |
|
|
|a urn:nbn:sk:snk-amti7b
|
| 035 |
|
|
|a urn:nbn:sk:snk-am00c52m
|
| 035 |
|
|
|a 18AF2F08-F3D6-428E-B6A4-F578F1961275
|
| 040 |
|
|
|a SNK
|b slo
|c SNK
|e AACR2
|
| 041 |
0 |
|
|a ger
|
| 044 |
|
|
|a xo
|c SK
|
| 080 |
|
|
|a 803.0-316.4:69(075.8)
|2 1981
|
| 080 |
|
|
|a 69(075.8)=30
|2 1981
|
| 100 |
1 |
|
|a Juríková, Marta
|4 aut
|9 9836
|
| 245 |
1 |
0 |
|a Nemecké odborné texty pre poslucháčov SvF a FA STU
|c Marta Juríková, Jana Záhorcová
|
| 250 |
|
|
|a 4. vyd.
|
| 260 |
|
|
|a V Bratislave
|b Slovenská technická univerzita
|c 2001
|
| 300 |
|
|
|a 287 s.
|b mp., sch., tab.
|c 29 cm
|
| 490 |
1 |
|
|a Edícia skrípt
|
| 504 |
|
|
|a Bibliogr. s. 283-284. Nem.-slov. slovník
|
| 650 |
0 |
7 |
|a nemčina
|x stavebníctvo
|x terminológia odborná
|2 SNK
|9 638239
|
| 650 |
0 |
7 |
|a stavebníctvo
|x terminológia nemecká
|2 SNK
|9 638240
|
| 655 |
|
7 |
|a Textbooks (higher)
|2 SNKPHeng
|9 276436
|
| 655 |
|
7 |
|a učebnice vysokých škôl
|2 SNKPH
|9 70191
|
| 700 |
1 |
|
|a Záhorcová, Jana,
|d 1948-
|4 aut
|9 120232
|
| 752 |
|
|
|d Bratislava
|
| 810 |
2 |
|
|a Slovenská technická univerzita v Bratislave.
|b Stavebná fakulta
|t Edícia skrípt
|9 189967
|
| 919 |
|
|
|a 80-227-1501-8
|
| 958 |
|
|
|a TL
|
| 958 |
|
|
|a NB
|
| 958 |
|
|
|a UV
|
| 999 |
|
|
|c 985299
|d 987229
|
| 952 |
|
|
|t P60, <03>, [BOOK], {603}
|a SNK
|b SNK
|y PREZ
|7 0
|p 17A0326990
|o snkSB 64349
|i snkKSP 285/2002
|0 0
|1 0
|4 0
|d 2002-01-11
|f 1
|l 0
|r 2025-04-14 00:00:00
|w 2026-02-24
|
| 952 |
|
|
|t P60, <04>, [BOOK], {604}
|a SNK
|b SNK
|y VYP
|7 0
|p 17A0326991
|o snkSB 64349 D1
|i snkKSP 286/2002
|0 0
|1 0
|4 0
|d 2002-01-11
|l 0
|r 2005-01-02 00:00:00
|w 2026-02-24
|